| 000 | 00790nam a2200265Ia 4500 | ||
|---|---|---|---|
| 005 | 20251020182444.0 | ||
| 008 | 200515s9999 xx 000 0 und d | ||
| 020 | _a978-84-86108-98-4 | ||
| 082 | _a534.011/C23 | ||
| 110 | _aCano Pina, Ed. | ||
| 245 | 0 | _aComplemento normativo para instaladores de gas. CategorÃa A con resumen de normas UNE | |
| 250 | _a1a ed. | ||
| 260 | _aLima | ||
| 260 | _bCEYSA | ||
| 260 | _c2007 | ||
| 300 | _a314 p. | ||
| 300 | _bil., tbl., graf. | ||
| 500 | _a1 ejemplar | ||
| 520 | _aPresenta el complemento normativo para los instaladores de gas categorÃa A. Presenta las normas UNE. Contiene la ITC-ICG 01, ITC-ICG 03, ITC-ICG 05. | ||
| 650 | _aGAS | ||
| 650 | _aINSTALACIONES DE GAS | ||
| 650 | _aNORMA UNE | ||
| 942 | _cLIB | ||
| 999 |
_c636 _d636 |
||